Community health nursing : (Record no. 84061)
[ view plain ]
| 000 -LEADER | |
|---|---|
| fixed length control field | 00858nam a22002657a 4500 |
| 001 - CONTROL NUMBER | |
| control field | 9781684690275 |
| 003 - CONTROL NUMBER IDENTIFIER | |
| control field | URS |
| 005 - DATE AND TIME OF LATEST TRANSACTION | |
| control field | 20250819120335.0 |
| 008 - FIXED-LENGTH DATA ELEMENTS--GENERAL INFORMATION | |
| fixed length control field | 250220b |||||||| |||| 00| 0 eng d |
| 020 ## - INTERNATIONAL STANDARD BOOK NUMBER | |
| International Standard Book Number | 9781684690275 |
| 040 ## - CATALOGING SOURCE | |
| Language of cataloging | eng |
| Transcribing agency | URS |
| Modifying agency | URS |
| 100 1# - MAIN ENTRY--PERSONAL NAME | |
| Personal name | Blake, Joan, |
| Relator term | eauthor |
| 245 10 - TITLE STATEMENT | |
| Title | Community health nursing : |
| Remainder of title | caring in action / |
| Statement of responsibility, etc. | Joan Blake. |
| 264 #1 - PRODUCTION, PUBLICATION, DISTRIBUTION, MANUFACTURE, AND COPYRIGHT NOTICE | |
| Place of production, publication, distribution, manufacture | California : |
| Name of producer, publisher, distributor, manufacturer | Tritech Digital Media |
| Date of production, publication, distribution, manufacture, or copyright notice | 2024 |
| 300 1# - PHYSICAL DESCRIPTION | |
| Extent | online resource |
| 336 ## - CONTENT TYPE | |
| Source | rdacontent |
| Content type term | text |
| Content type code | txt |
| 337 ## - MEDIA TYPE | |
| Source | rdamedia |
| Media type term | computer |
| Media type code | cnb |
| 338 ## - CARRIER TYPE | |
| Source | rdacarrier |
| Carrier type term | online |
| Carrier type code | resource |
| 504 ## - BIBLIOGRAPHY, ETC. NOTE | |
| Bibliography, etc. note | Includes bibliographical references |
| 650 #0 - SUBJECT ADDED ENTRY--TOPICAL TERM | |
| Topical term or geographic name entry element | Community health nursing |
| 650 #0 - SUBJECT ADDED ENTRY--TOPICAL TERM | |
| Topical term or geographic name entry element | Public health nursing |
| 710 ## - ADDED ENTRY--CORPORATE NAME | |
| Corporate name or jurisdiction name as entry element | Tritech Digital Media |
| 856 ## - ELECTRONIC LOCATION AND ACCESS | |
| Uniform Resource Identifier | <a href="https://tdmebooks.com/book-detail.php?book_id=NTMyOA== ">https://tdmebooks.com/book-detail.php?book_id=NTMyOA== </a> |
| Public note | Available online |
| 942 ## - ADDED ENTRY ELEMENTS (KOHA) | |
| Source of classification or shelving scheme | Library of Congress Classification |
| Koha item type | E-Book |
| Withdrawn status | Source of classification or shelving scheme | Damaged status | Not for loan | Home library | Current library | Date acquired | Total Checkouts | Date last seen | Price effective from | Koha item type |
|---|---|---|---|---|---|---|---|---|---|---|
| Library of Congress Classification | E-Books Tritech | E-Books Tritech | 02/20/2025 | 02/20/2025 | 02/20/2025 | E-Book |